00336nam a2200133Ia 4500008004100000020001500041041001200056082001600068100002300084245004600107260002500153300000800178650001600186221030s9999 xx 000 0 und d a0074623230 aEnglish a105.23bPar aK. R. Parthasarthy 0aBasic Graph Theorycby K. R. Parthasarthy bTMHaNew Delhic1994 a558 aBE Computer